000 00514nam a2200181Ia 4500
999 _c21510
_d21510
003 OSt
005 20200623141223.0
008 190216s9999||||xx |||||||||||||| ||und||
020 _a9780195612974
040 _coclc
082 _a954
_bSMI/O
100 _aSmith, Vincent A
_93001
245 4 _aThe Oxford History Of India /
_cVincent A Smith
250 _a4th Ed.
260 _bOxford University Press,
_c2011.
_aNew Delhi:
300 _a945p
942 _cBK
_2ddc
_h954
_iSMI/O
_k954
_mSMI/O